000 00651nam a2200205 i 4500
001 59027
003 ES-MaACL
005 20250828033313.0
007 t|
008 031027s1968 sp |||| | spa d
100 1 _aEder, Gernot.
_946632
245 1 0 _aFuerzas nucleares
_b: introducción a la física /
_cGernot Eder ; traducción por I. Borrero de Maroto y Francisco Manero Amorós.
260 _aBilbao :
_bUrmo,
_c[1968]
300 _a375 p. ;
_c25 cm.
650 0 4 _aFísica nuclear.
_912888
700 1 _aBorrero de Maroto, I.
_930601
700 1 _aManero Amorós, Francisco
_975986
852 _aES-MaACL
_jC-35511
999 _c59027
_d59027